000 00346nam a2200133Ia 4500
008 231017s9999 xx 000 0 und d
082 _a625.84
082 _bPUP
245 0 _aNCHRP Synthesis 382: Estimating Stiffness of Subgrade and Unbound Materials for Pavement Design
245 0 _cTRB
260 _bTRB
300 _c30cm
942 _cREP
999 _c604891
_d604891